[Event "Moscow Open A 2016"]
[Site "Moscow RUS"]
[Date "2016.02.03"]
[Round "5.21"]
[White "Murtazin, Bulat"]
[Black "Andreev, Eduard UKR"]
[Result "0-1"]
[WhiteTitle "FM"]
[BlackTitle "GM"]
[WhiteElo "2336"]
[BlackElo "2458"]
[WhiteFideId "24151351"]
[BlackFideId "14103400"]
[EventDate "2016.01.30"]

1. d4 Nf6 2. c4 e6 3. Nf3 Bb4+ 4. Nbd2 O-O 5. a3 Be7 6. e4 d6 7. b4 e5 8. Bb2
exd4 9. Nxd4 Nfd7 10. Qc2 Bf6 11. Be2 Nc6 12. N2b3 Nxd4 13. Nxd4 Re8 14. O-O a5
15. Rfd1 axb4 16. axb4 Rxa1 17. Bxa1 c6 18. Bg4 g6 19. b5 Nc5 20. Bf3 Bd7 21.
bxc6 bxc6 22. e5 Bxe5 23. Nxc6 Bxc6 24. Bxc6 Re7 25. Bxe5 Rxe5 26. Ra1 Kg7 27.
g3 Qc7 28. Bd5 Nd7 29. Qb2 Qb6 30. Qc3 Nf6 31. Bf3 h5 32. h4 Qc5 33. Ra6 Rf5 34.
Kg2 d5 35. Bxd5 Qxf2+ 36. Kh3 Rxd5 37. Rxf6 Qxf6 38. Qxf6+ Kxf6 39. cxd5 Ke5 40.
Kg2 Kxd5 41. Kf3 Ke5 42. Ke3 Kf5 43. Kf3 f6 44. Ke3 Kg4 45. Kf2 f5 0-1

[Event "Moscow Open A 2016"]
[Site "Moscow RUS"]
[Date "2016.02.03"]
[Round "5.23"]
[White "Sargissyan, Sargis"]
[Black "Vavulin, Maksim"]
[Result "0-1"]
[WhiteTitle "FM"]
[BlackTitle "IM"]
[WhiteElo "2311"]
[BlackElo "2448"]
[WhiteFideId "13303210"]
[BlackFideId "4169530"]
[EventDate "2016.01.30"]

1. e4 g6 2. d4 Bg7 3. Nc3 d6 4. f4 a6 5. Nf3 b5 6. Bd3 Nd7 7. e5 c5 8. Ng5 Nh6
9. e6 Nf6 10. dxc5 Bxe6 11. Nxe6 fxe6 12. cxd6 exd6 13. Qe2 Kf7 14. O-O d5 15.
Nd1 Nf5 16. Nf2 Re8 17. Nh3 Nd7 18. Ng5+ Kg8 19. g4 Nd4 20. Qg2 Bf6 21. Be3 Nf8
22. h4 Qd7 23. Kh1 Nc6 24. Rab1 Nd8 25. Nf3 Nf7 26. h5 Rac8 27. g5 Bg7 28. Nh4
e5 29. hxg6 hxg6 30. Nxg6 e4 31. Nxf8 Rxf8 32. Be2 Rxc2 33. f5 d4 34. Rbc1 Rxb2
35. f6 dxe3 36. g6 Nh6 37. fxg7 Rxf1+ 38. Rxf1 Kxg7 39. Qg5 Qh3+ 40. Kg1 Qe6 41.
Rc1 Qd6 42. Qxe3 Nf5 43. Qc3+ Qd4+ 44. Qxd4+ Nxd4 45. Bh5 Ne2+ 46. Bxe2 Rxe2 47.
Rc7+ Kh6 48. a4 b4 49. Rb7 a5 50. g7 Kh7 51. Rb5 Kxg7 52. Rxa5 b3 53. Ra7+ Kf6
54. Rb7 b2 55. a5 Re1+ 0-1

[Event "Moscow Open A 2016"]
[Site "Moscow RUS"]
[Date "2016.02.03"]
[Round "5.24"]
[White "Elistratov, Semen"]
[Black "Sarana, Alexey"]
[Result "1-0"]
[WhiteTitle "FM"]
[WhiteElo "2277"]
[BlackElo "2435"]
[WhiteFideId "24134325"]
[BlackFideId "24133795"]
[EventDate "2016.01.30"]

1. e4 c5 2. Nf3 d6 3. d4 cxd4 4. Nxd4 Nf6 5. Nc3 a6 6. h3 e5 7. Nb3 Be6 8. Be3
Be7 9. f4 exf4 10. Bxf4 Nc6 11. Qe2 Nd7 12. Qe3 Nde5 13. O-O-O Ng6 14. g3 O-O
15. Kb1 Rc8 16. h4 Qc7 17. Bg5 Rfe8 18. Bxe7 Qxe7 19. Be2 Nge5 20. Rhg1 Red8 21.
g4 Nc4 22. Bxc4 Bxc4 23. Qf2 Qe5 24. g5 Ne7 25. Rge1 Ng6 26. Nd4 Nf4 27. Nd5 Ng6
28. Nf5 Kh8 29. h5 Bxd5 30. Rxd5 Qf4 31. Qd4 Ne5 32. h6 Qxg5 33. Nxd6 Rxd6 34.
Rxd6 gxh6 35. Rg1 Qe7 36. Rd7 Qf6 1-0

[Event "Moscow Open A 2016"]
[Site "Moscow RUS"]
[Date "2016.02.03"]
[Round "5.25"]
[White "Turov, Maxim"]
[Black "Vorontsov, Pavlo"]
[Result "1/2-1/2"]
[WhiteTitle "GM"]
[BlackTitle "IM"]
[WhiteElo "2610"]
[BlackElo "2395"]
[WhiteFideId "4120086"]
[BlackFideId "14116367"]
[EventDate "2016.01.30"]

1. d4 Nf6 2. c4 e6 3. Nc3 Bb4 4. Qc2 O-O 5. a3 Bxc3+ 6. Qxc3 b6 7. Bg5 Bb7 8. f3
h6 9. Bh4 d5 10. e3 Nbd7 11. cxd5 Nxd5 12. Bxd8 Nxc3 13. Bh4 Nd5 14. Kf2 c5 15.
e4 N5f6 16. Ne2 Rac8 17. dxc5 Nxc5 18. Nc3 Nh5 19. Be7 Rfe8 20. Bd6 Red8 21. Rd1
Nf6 22. Bf4 Rxd1 23. Nxd1 Rd8 24. Nc3 Nd3+ 25. Bxd3 Rxd3 26. Rd1 Rxd1 27. Nxd1
Nd7 28. Bd6 f6 29. Nc3 a6 30. f4 Kf7 31. Ke3 f5 32. g3 Nf6 33. exf5 exf5 34. Bc7
Ng4+ 35. Ke2 b5 36. h3 Nf6 37. Be5 Ne4 38. Nxe4 Bxe4 39. Ke3 b4 40. axb4 h5 1/2-1/2

[Event "Moscow Open A 2016"]
[Site "Moscow RUS"]
[Date "2016.02.03"]
[Round "5.26"]
[White "Lintchevski, Daniil"]
[Black "Bublei, Pavel"]
[Result "1-0"]
[WhiteTitle "GM"]
[BlackTitle "FM"]
[WhiteElo "2563"]
[BlackElo "2391"]
[WhiteFideId "4171055"]
[BlackFideId "24112593"]
[EventDate "2016.01.30"]

1. e4 c6 2. d4 d5 3. e5 Bf5 4. Nf3 e6 5. Be2 Ne7 6. O-O Nd7 7. Nh4 c5 8. c3 Be4
9. Nd2 Nc6 10. g3 Bg6 11. Nxg6 hxg6 12. Nf3 Be7 13. h4 a6 14. Kg2 Rc8 15. Rh1
cxd4 16. cxd4 Qb6 17. Rb1 Na5 18. Bg5 Bb4 19. Rc1 Rxc1 20. Qxc1 Qc6 21. Qb1 Nb6
22. Bd3 Qd7 23. Qc2 Nc6 24. Rc1 Be7 25. Bxe7 Nxe7 26. Qc7 Nbc8 27. Ng5 Rf8 28.
Qc5 Rh8 29. b3 Rf8 30. a4 Rh8 31. a5 Rf8 32. b4 Qc6 33. Qxc6+ Nxc6 34. Bxa6 N8a7
35. Bxb7 Kd7 36. Bxc6+ Nxc6 37. b5 Nxa5 38. Ra1 Nb7 39. Ra6 Ke7 40. Rc6 Kd7 41.
Kf1 Nd8 42. Ra6 Kc7 43. Ke2 Kb8 44. Nh3 Nb7 45. Rc6 Na5 46. Rb6+ Kc7 47. Ra6 Nb7
48. Ng5 Nd8 49. Kd2 Kb8 50. Nh3 Re8 51. Nf4 Nb7 52. Rc6 Re7 53. Nd3 Na5 54. Rb6+
Rb7 55. Rxb7+ Kxb7 56. Kc3 Kb6 57. Kb4 Nc4 58. Nc5 Nd2 59. Na4+ Kb7 60. f4 Ka7
61. g4 Kb7 62. h5 gxh5 63. gxh5 Ka7 64. Nc3 Kb6 65. f5 exf5 66. Nxd5+ Kb7 67.
Nf4 Kb6 68. d5 Ne4 69. d6 Kb7 70. Nd5 Ng5 71. d7 Ne6 72. Kc4 Kb8 73. b6 Kb7 74.
Kb5 1-0

[Event "Moscow Open A 2016"]
[Site "Moscow RUS"]
[Date "2016.02.03"]
[Round "5.27"]
[White "Pridorozhni, Aleksei"]
[Black "Babarykin, Stanislav"]
[Result "1-0"]
[WhiteTitle "GM"]
[BlackTitle "FM"]
[WhiteElo "2550"]
[BlackElo "2384"]
[WhiteFideId "4127870"]
[BlackFideId "4101898"]
[EventDate "2016.01.30"]

1. e4 e5 2. Nf3 Nc6 3. Bb5 a6 4. Ba4 Nf6 5. Bxc6 dxc6 6. d3 Nd7 7. O-O Bd6 8.
Nbd2 O-O 9. Nc4 Re8 10. Bg5 f6 11. Be3 Nf8 12. Nh4 Ng6 13. Nf5 Bxf5 14. exf5 Ne7
15. Qf3 Qd7 16. g4 g6 17. fxg6 hxg6 18. Qxf6 Qxg4+ 19. Kh1 Nd5 20. Qg5 Qxg5 21.
Bxg5 e4 22. d4 b5 23. Ne3 Kg7 24. Kg2 Rh8 25. h4 Nf4+ 26. Bxf4 Bxf4 27. Rh1 Rad8
28. c3 Rh5 29. Rae1 Kf6 30. Nf1 g5 31. Ng3 Bxg3 32. fxg3 Re8 33. hxg5+ Kxg5 34.
Rxh5+ Kxh5 35. Rh1+ Kg6 36. Kf2 Rf8+ 37. Ke3 Rf3+ 38. Kxe4 Rxg3 39. Rh8 Kf7 40.
Rh6 Rg6 41. Rxg6 Kxg6 42. Ke5 Kf7 43. d5 c5 44. d6 1-0

[Event "Moscow Open A 2016"]
[Site "Moscow RUS"]
[Date "2016.02.03"]
[Round "5.28"]
[White "Martinez Ramirez, Lennis"]
[Black "Bajarani, Ulvi"]
[Result "0-1"]
[WhiteTitle "FM"]
[BlackTitle "GM"]
[WhiteElo "2410"]
[BlackElo "2540"]
[WhiteFideId "3509079"]
[BlackFideId "13403028"]
[EventDate "2016.01.30"]

1. d4 d5 2. c4 c6 3. Nf3 Nf6 4. g3 Bf5 5. Qb3 Qc8 6. cxd5 cxd5 7. Nc3 e6 8. Bf4
Nc6 9. Rc1 Be7 10. Bg2 O-O 11. O-O Nh5 12. Be3 Nf6 13. Nh4 Bg4 14. h3 Bh5 15. g4
Bg6 16. f4 Ne8 17. Nf3 f5 18. Ne5 Nf6 19. Na4 Qc7 20. Rc3 Rfc8 21. Rfc1 Bd6 22.
Nc5 Bxc5 23. Rxc5 Qb8 24. Nxc6 Rxc6 25. Rxc6 bxc6 26. Rxc6 Qe8 27. Qb7 fxg4 28.
hxg4 Be4 29. Bf3 Nxg4 30. Bxg4 0-1

[Event "Moscow Open A 2016"]
[Site "Moscow RUS"]
[Date "2016.02.03"]
[Round "5.29"]
[White "Kornev, Alexei"]
[Black "Yeletsky, Ivan"]
[Result "1-0"]
[WhiteTitle "GM"]
[BlackTitle "FM"]
[WhiteElo "2517"]
[BlackElo "2373"]
[WhiteFideId "4120949"]
[BlackFideId "24180327"]
[EventDate "2016.01.30"]

1. Nf3 d5 2. d4 Nf6 3. c4 c6 4. Nc3 e6 5. Bg5 h6 6. Bxf6 Qxf6 7. Qb3 a5 8. e3 a4
9. Qc2 a3 10. b3 Bb4 11. Rc1 Nd7 12. Be2 O-O 13. O-O b6 14. e4 Bxc3 15. e5 Nxe5
16. Qxc3 Nxf3+ 17. Bxf3 Ba6 18. Rfd1 Qe7 19. h3 Rfe8 20. Re1 Rec8 21. c5 Rab8
22. Qb4 Bd3 23. Qxa3 Ra8 24. Qb2 b5 25. Re3 Bg6 26. b4 Ra7 27. Bd1 Rca8 28. Bb3
Ra3 29. Rce1 Kh7 30. Rg3 h5 31. Re5 h4 32. Rge3 Qa7 33. Qe2 Rxa2 34. Bxa2 Qxa2
35. Qg4 Qb1+ 36. Kh2 Qxb4 37. Qxh4+ Kg8 38. Rg3 Qb1 39. Ree3 b4 40. Qe7 Bf5 41.
Qc7 g6 42. Rgf3 Ra1 43. Kg3 Qh1 44. Kh4 Ra8 45. Kg5 Qxg2+ 46. Kf6 Rf8 47. Rxf5
b3 48. Qf4 1-0

[Event "Moscow Open A 2016"]
[Site "Moscow RUS"]
[Date "2016.02.03"]
[Round "5.30"]
[White "Petrosian, Davit G."]
[Black "Yuffa, Daniil"]
[Result "1/2-1/2"]
[WhiteTitle "GM"]
[BlackTitle "IM"]
[WhiteElo "2394"]
[BlackElo "2516"]
[WhiteFideId "13301349"]
[BlackFideId "24131423"]
[EventDate "2016.01.30"]

1. e4 c6 2. Nc3 d5 3. Qe2 d4 4. Nd1 e5 5. d3 c5 6. g3 Nc6 7. Bg2 Bd6 8. f4 exf4
9. gxf4 Qc7 10. e5 Be7 11. Nf3 Nh6 12. Nf2 Be6 13. O-O Nf5 14. Ne4 h6 15. c4
dxc3 16. bxc3 O-O 17. Be3 b6 18. Rad1 Rfd8 19. Bf2 Qc8 20. Nfd2 Rb8 21. Nc4 Rb7
22. Ne3 Nxe3 23. Qxe3 Rbd7 24. Rd2 Na5 25. Be1 Bf5 26. Rf3 Qc6 27. Rg3 Qe6 28.
Qe2 Kh8 29. Re3 Bg4 30. Qf2 b5 31. Ng3 Bh4 32. f5 Bxg3 33. Rxg3 Bxf5 34. Qxc5 f6
35. Qxb5 Qxe5 36. Qxe5 fxe5 37. Bf1 Nc4 38. dxc4 Rxd2 39. Bxd2 Rxd2 40. Re3 e4
41. Bg2 Rd6 42. Kf2 Re6 43. Re2 g5 44. Ke3 h5 45. Rd2 Kg7 46. c5 Kf6 47. Rd6 Ke5
48. Bxe4 Rxd6 49. cxd6 Bd7 50. c4 Kxd6 51. Kd4 g4 52. c5+ Ke6 53. c6 Bc8 54. Kc5
h4 55. a4 Ke5 56. Bd5 g3 57. hxg3 hxg3 58. a5 Ba6 59. c7 Bc8 1/2-1/2

[Event "Moscow Open A 2016"]
[Site "Moscow RUS"]
[Date "2016.02.03"]
[Round "5.31"]
[White "Meskovs, Nikita"]
[Black "Tekeyev, Zaur"]
[Result "0-1"]
[WhiteTitle "IM"]
[BlackTitle "FM"]
[WhiteElo "2515"]
[BlackElo "2347"]
[WhiteFideId "11602740"]
[BlackFideId "4199731"]
[EventDate "2016.01.30"]

1. d4 Nf6 2. c4 g6 3. Nc3 Bg7 4. e4 O-O 5. Nf3 d6 6. h3 e5 7. d5 Nh5 8. g3 Na6
9. Be2 f5 10. exf5 gxf5 11. Nh4 Nf4 12. gxf4 Qxh4 13. Rg1 Kh8 14. Be3 exf4 15.
Bd4 Be5 16. Qd2 Bd7 17. O-O-O Nc5 18. Bf3 Rae8 19. b4 Na4 20. Ne2 c5 21. dxc6
Bxc6 22. Bxc6 bxc6 23. Nxf4 c5 24. bxc5 Nxc5 25. Qe3 Ne4 26. Nd5 Rc8 27. Bxe5+
dxe5 28. Qxa7 Ng5 29. f4 Ne6 30. Qa6 Nxf4 31. Kb1 Nxd5 32. Rxd5 Rb8+ 33. Ka1 Qf2
34. Rb1 Ra8 0-1

[Event "Moscow Open A 2016"]
[Site "Moscow RUS"]
[Date "2016.02.03"]
[Round "5.32"]
[White "Shevchenko, Kirill"]
[Black "Sviridov, Valery"]
[Result "1/2-1/2"]
[WhiteTitle "FM"]
[WhiteElo "2373"]
[BlackElo "2511"]
[WhiteFideId "14129574"]
[BlackFideId "4120680"]
[EventDate "2016.01.30"]

1. e4 d6 2. d4 Nf6 3. Nc3 c6 4. f4 Qa5 5. Bd2 e5 6. dxe5 dxe5 7. Nd5 Qd8 8.
Nxf6+ Qxf6 9. Nf3 exf4 10. Bc3 Qg6 11. Qd4 Be6 12. O-O-O Nd7 13. Ne5 Qf6 14.
Nxd7 Qxd4 15. Bxd4 Bxd7 16. Be5 Bc5 17. Bxg7 Be3+ 18. Kb1 Rg8 19. Bd4 Bxd4 20.
Rxd4 O-O-O 21. Kc1 Be6 22. Rxd8+ Kxd8 23. g3 fxg3 24. Rg1 Rg4 25. hxg3 Rxe4 26.
Bd3 Ra4 27. a3 h5 28. Kd2 h4 29. gxh4 Rxh4 30. Rg8+ Kc7 31. Ke3 c5 32. Re8 Kd6
33. Ra8 Kc7 34. Be4 a6 35. Re8 c4 36. Bf3 Rh3 37. Kf4 b6 38. Re7+ Kd6 39. Ra7 a5
40. Ra6 Kc5 41. Ra7 Rh2 42. Ke5 Kb5 43. Rc7 a4 44. Bc6+ Ka6 45. Bb7+ Ka5 46. Bc6
Re2+ 47. Kd4 Ka6 48. Bb7+ Kb5 49. Bc6+ Ka6 50. Bb7+ Kb5 51. Bc6+ 1/2-1/2

[Event "Moscow Open A 2016"]
[Site "Moscow RUS"]
[Date "2016.02.03"]
[Round "5.33"]
[White "Paravyan, David"]
[Black "Solovjev, Nikolay2"]
[Result "1-0"]
[WhiteTitle "IM"]
[BlackTitle "FM"]
[WhiteElo "2509"]
[BlackElo "2332"]
[WhiteFideId "4194985"]
[BlackFideId "24112127"]
[EventDate "2016.01.30"]

1. d4 Nf6 2. c4 c5 3. d5 e6 4. Nc3 exd5 5. cxd5 d6 6. e4 g6 7. f4 Bg7 8. Bb5+
Nfd7 9. Nf3 a6 10. Bd3 b5 11. O-O O-O 12. Qe1 Re8 13. Qg3 c4 14. Bc2 b4 15. Na4
Nb6 16. f5 N8d7 17. Qxd6 Nxa4 18. Bxa4 Rxe4 19. Ng5 Re2 20. fxg6 hxg6 21. Rxf7
Qb6+ 22. Qxb6 Nxb6 23. Bc6 Bf5 24. Rxg7+ Kxg7 25. Bxa8 Nxa8 26. Nf3 Nb6 27. Nd4
Re4 28. Nxf5+ gxf5 29. d6 Kf7 30. Bd2 a5 31. Rf1 Ke6 32. g3 Nd7 33. h4 Nf6 34.
Rd1 Rd4 35. Re1+ Ne4 36. Bf4 Kf7 37. h5 a4 38. h6 Kg6 39. g4 Nf6 40. gxf5+ Kxf5
41. Be5 Rd3 42. Bxf6 Kxf6 43. h7 Kg7 44. Re7+ Kh8 45. d7 b3 46. axb3 a3 47. bxa3 1-0

[Event "Moscow Open A 2016"]
[Site "Moscow RUS"]
[Date "2016.02.03"]
[Round "5.34"]
[White "Derbenev, Andrey"]
[Black "Kharchenko, Boris"]
[Result "1-0"]
[WhiteTitle "IM"]
[BlackTitle "GM"]
[WhiteElo "2367"]
[BlackElo "2506"]
[WhiteFideId "4154169"]
[BlackFideId "14113210"]
[EventDate "2016.01.30"]

1. e4 c6 2. d4 d5 3. Nd2 dxe4 4. Nxe4 Nd7 5. Bc4 Ngf6 6. Ng5 e6 7. Qe2 Nb6 8.
Bd3 h6 9. N5f3 c5 10. Bf4 a6 11. O-O-O Nbd5 12. Bd2 b5 13. dxc5 Bxc5 14. Ne5 Qb6
15. f4 Be3 16. g3 Bxd2+ 17. Rxd2 Bb7 18. Ngf3 Nb4 19. a3 Nxd3+ 20. Rxd3 Rc8 21.
Rhd1 O-O 22. g4 Be4 23. R3d2 b4 24. axb4 Qxb4 25. Rd4 Qb7 26. Ne1 Rb8 27. N1d3
Bxd3 28. Nxd3 Qb6 29. Rb4 Qa5 30. Rxb8 Rxb8 31. Qe5 Rb5 32. Qe2 Qa1+ 33. Kd2
Qa5+ 34. c3 Rd5 35. h3 Qa4 36. Ke1 a5 37. Kf2 Qc4 38. Kf3 Qc6 39. Kg3 Qc4 40.
Kf3 1-0

[Event "Moscow Open A 2016"]
[Site "Moscow RUS"]
[Date "2016.02.03"]
[Round "5.35"]
[White "Gordievsky, Dmitry"]
[Black "Lomasov, Semen"]
[Result "1-0"]
[WhiteTitle "FM"]
[BlackTitle "FM"]
[WhiteElo "2506"]
[BlackElo "2344"]
[WhiteFideId "24112798"]
[BlackFideId "24164879"]
[EventDate "2016.01.30"]

1. d4 e6 2. c4 b6 3. e4 Bb7 4. Bd3 Bb4+ 5. Kf1 Be7 6. Nc3 d6 7. Nf3 Nd7 8. g3
Ngf6 9. Kg2 O-O 10. Re1 e5 11. d5 Ne8 12. Rb1 g6 13. Bh6 Ng7 14. b4 Nf6 15. h3
Kh8 16. a4 a5 17. bxa5 Rxa5 18. Nd2 Bc8 19. c5 Rxc5 20. Nc4 Ba6 21. Qb3 Bxc4 22.
Bxc4 Ra5 23. Bb5 Nd7 24. Bxd7 Qxd7 25. Nb5 f5 26. Rbc1 Bd8 27. f4 exf4 28. Bxf4
fxe4 29. Rxe4 g5 30. Bd2 Qf5 31. Qe3 Rxa4 32. Rxa4 Qxd5+ 33. Re4 Qxb5 34. Bc3
Bf6 35. Qf3 Nf5 36. Bxf6+ Rxf6 37. Qc3 Kg7 38. Qxc7+ Kg6 39. Qc2 Qd5 40. Kh2 Kh6
41. Rf1 Rf7 42. Qc4 Qxc4 43. Rxc4 Kg6 44. Rc6 Re7 45. Rf2 Re6 46. Rxb6 h5 47.
Rb8 Nh6 48. Rd8 g4 49. h4 Nf7 50. Rg8+ Kh7 51. Rf8 Ne5 52. R8f6 Re7 53. Rxd6
Nf3+ 54. Kg2 Re1 55. Ra2 Re7 56. Rd5 Kg6 57. Ra6+ Kg7 58. Rxh5 Re2+ 59. Kf1 Rd2
60. Rf5 Rb2 61. Rd5 Kf7 62. Rd7+ Ke8 63. Rh7 Nh2+ 64. Ke1 1-0

[Event "Moscow Open A 2016"]
[Site "Moscow RUS"]
[Date "2016.02.03"]
[Round "5.36"]
[White "Matinian, Nikita"]
[Black "Zhu, Yi"]
[Result "1/2-1/2"]
[WhiteTitle "IM"]
[BlackTitle "FM"]
[WhiteElo "2476"]
[BlackElo "2295"]
[WhiteFideId "24129100"]
[BlackFideId "8607435"]
[EventDate "2016.01.30"]

1. e4 c5 2. Nf3 d6 3. d4 cxd4 4. Nxd4 Nf6 5. Nc3 a6 6. h3 e6 7. g4 Be7 8. Be3 b5
9. g5 Nfd7 10. h4 Bb7 11. a3 Nc6 12. f4 Rc8 13. Nxc6 Rxc6 14. h5 h6 15. Qd2 hxg5
16. fxg5 Ne5 17. O-O-O Qa5 18. h6 gxh6 19. Qd4 h5 20. Be2 h4 21. Rh3 Bd8 22.
Rdh1 Bb6 23. Qd2 b4 24. axb4 Qxb4 25. Rxh4 Rxh4 26. Rxh4 Bxe3 27. Qxe3 Rb6 28.
Rh8+ Kd7 29. b3 Rc6 30. Kb2 Rc5 31. Na4 Rc7 32. Nb6+ Kc6 33. Nc4 Nxc4+ 34. Bxc4
Qc5 35. Qc3 Kb6 36. Rd8 d5 37. exd5 exd5 38. Qf6+ Rc6 39. Qxf7 dxc4 40. Rd7 c3+
41. Ka2 Qa5+ 42. Kb1 Bc8 43. Qf2+ Qc5 44. Rd4 Kb7 45. Qf7+ Rc7 46. Qf3+ Kb8 47.
Rc4 Qg1+ 48. Ka2 Rxc4 49. bxc4 Qxg5 50. Qxc3 Be6 51. Qb4+ Kc7 52. Kb2 Qe5+ 53.
Kb3 Qe3+ 54. Qc3 Qc5 55. Qb4 Qb5 56. Kc3 Qe5+ 57. Kb3 Bf7 58. Qc3 Qb5+ 59. Ka3
Bxc4 60. Qg7+ Kd6 61. Qf8+ Ke5 62. Qg7+ Ke4 63. Qg6+ Ke3 64. Qg3+ Kd2 65. Qf4+ 1/2-1/2

[Event "Moscow Open A 2016"]
[Site "Moscow RUS"]
[Date "2016.02.03"]
[Round "5.37"]
[White "Triapishko, Olexandr"]
[Black "Yogesh, Gautam"]
[Result "1-0"]
[WhiteElo "2471"]
[BlackElo "2269"]
[WhiteFideId "14122286"]
[BlackFideId "5009324"]
[EventDate "2016.01.30"]

1. e4 e6 2. d3 d5 3. Nd2 Nc6 4. Ngf3 Nf6 5. c3 Be7 6. Qc2 e5 7. b4 a6 8. Bb2 O-O
9. Be2 Re8 10. O-O Bf8 11. Rfe1 Bg4 12. h3 Bh5 13. Bf1 Bg6 14. a3 Qd7 15. g3
Rad8 16. Rad1 h6 17. exd5 Qxd5 18. c4 Qd6 19. Ne4 Nxe4 20. dxe4 Qf6 21. Nh4 a5
22. b5 Nd4 23. Bxd4 exd4 24. Nxg6 Qxg6 25. a4 Bb4 26. Re2 b6 27. Qd3 h5 28. h4
Be7 29. Bg2 Bb4 30. f4 Bc5 31. Kh2 Be7 32. Bh3 Qd6 33. e5 Qa3 34. Qxa3 Bxa3 35.
Rd3 Bc1 36. Rc2 Be3 37. c5 Rd5 38. cxb6 cxb6 39. Bg2 Rc5 40. Rxc5 bxc5 41. Bd5
Rb8 42. f5 Kf8 43. Rb3 Rb6 44. Kg2 Ke7 45. Kf3 Bd2 46. Ke4 Bb4 47. Bc4 f6 48. e6
Kd6 49. Rb1 Rb8 50. Be2 Rh8 51. Rb3 Rc8 52. Bc4 Rb8 53. Rf3 Bd2 54. Rf2 Be1 55.
Re2 Bb4 56. Kd3 Ke7 57. Re4 Rg8 58. g4 Ba3 59. gxh5 Bc1 60. Re1 Be3 61. b6 Kd6
62. Rb1 Rb8 63. Rb5 Bf2 64. Rxa5 Rxb6 65. Ra7 Rb1 66. Rd7+ Kc6 67. Bd5+ 1-0

[Event "Moscow Open A 2016"]
[Site "Moscow RUS"]
[Date "2016.02.03"]
[Round "5.38"]
[White "Gevorgyan, David Sh."]
[Black "Ajrapetian, Gevorg"]
[Result "1/2-1/2"]
[WhiteTitle "IM"]
[BlackTitle "IM"]
[WhiteElo "2356"]
[BlackElo "2442"]
[WhiteFideId "13303244"]
[BlackFideId "4174232"]
[EventDate "2016.01.30"]

1. d4 g6 2. c4 Bg7 3. e4 c5 4. d5 d6 5. Bd3 e5 6. Nf3 Ne7 7. Nc3 a6 8. a3 Nd7 9.
Qc2 h6 10. Be3 Nf6 11. b4 b6 12. Rb1 Ng4 13. Bd2 f5 14. bxc5 bxc5 15. Qb2 Nf6
16. Qb6 Qd7 17. Bc2 O-O 18. Ba4 Qd8 19. Be3 g5 20. Qxd8 Rxd8 21. Bc2 f4 22. Bc1
Bd7 23. Nd2 Rab8 24. Rxb8 Rxb8 25. Ba4 Bxa4 26. Nxa4 Ng6 27. f3 g4 28. Bb2 g3
29. h3 Nd7 30. Bc3 Bf6 31. O-O Bd8 32. Rb1 Rxb1+ 33. Nxb1 Ne7 34. Kf1 Kf7 35.
Nd2 Nc8 36. Ke2 Ke8 37. Nb3 Ndb6 38. Nb2 Nd7 39. Na4 Ndb6 40. Nb2 Nd7 41. Na4 1/2-1/2

[Event "Moscow Open A 2016"]
[Site "Moscow RUS"]
[Date "2016.02.03"]
[Round "5.39"]
[White "Tsydypov, Zhamsaran"]
[Black "Parvanyan, Ashot"]
[Result "1-0"]
[WhiteTitle "FM"]
[WhiteElo "2420"]
[BlackElo "2197"]
[WhiteFideId "4108566"]
[BlackFideId "13307550"]
[EventDate "2016.01.30"]

1. d4 Nf6 2. Nf3 g6 3. g3 Bg7 4. Bg2 O-O 5. O-O d6 6. a4 Nc6 7. a5 a6 8. d5 Nb8
9. c4 c5 10. Nc3 Nbd7 11. e4 b5 12. axb6 Nxb6 13. Qe2 e6 14. e5 Ne8 15. Ng5 h6
16. Nge4 exd5 17. cxd5 Bxe5 18. Bxh6 Bg7 19. Bg5 Qd7 20. Bf4 Bb7 21. Rfd1 f5 22.
Bh3 Qe7 23. Nxd6 Qxe2 24. Nxe2 Bxd5 25. Nc3 Bb3 26. Rd3 Nxd6 27. Rxd6 Rf6 28.
Bg2 Re8 29. Rxf6 Bxf6 30. Be3 Bc4 31. Bxc5 Nd7 32. Be3 Rb8 33. Bd5+ Bxd5 34.
Nxd5 Bxb2 35. Rxa6 1-0

[Event "Moscow Open A 2016"]
[Site "Moscow RUS"]
[Date "2016.02.03"]
[Round "5.40"]
[White "Ovchinnikov, Vsevolod"]
[Black "Kozionov, Kirill"]
[Result "0-1"]
[WhiteTitle "FM"]
[BlackTitle "IM"]
[WhiteElo "2248"]
[BlackElo "2416"]
[WhiteFideId "24176842"]
[BlackFideId "24101729"]
[EventDate "2016.01.30"]

1. d4 d5 2. c4 e6 3. Nf3 a6 4. g3 dxc4 5. Bg2 Nc6 6. O-O Rb8 7. b3 cxb3 8. axb3
Bb4 9. Bb2 Nf6 10. Qc2 O-O 11. Rc1 Bd7 12. Nc3 Qe7 13. Na4 Rfd8 14. Nc5 Be8 15.
Nxb7 Rxb7 16. Ne5 Nxe5 17. Bxb7 Ng6 18. Bxa6 Bd6 19. e4 e5 20. d5 h5 21. Be2 h4
22. Ra7 Rb8 23. Rca1 Bc5 24. Ra8 Rxa8 25. Rxa8 Kh7 26. Bc1 Bd7 27. Bg5 Bb6 28.
Qc4 Qd6 29. Bf3 Ng4 30. Bxg4 Bxg4 31. b4 Nf4 32. gxf4 Qg6 33. Kf1 exf4 34. Bxh4
Qh5 35. Qc2 Qxh4 36. e5+ g6 37. e6 Qxh2 38. Ke1 Be3 0-1

[Event "Moscow Open A 2016"]
[Site "Moscow RUS"]
[Date "2016.02.03"]
[Round "5.41"]
[White "Khegay, Dmitriy"]
[Black "Aslanov, Farid"]
[Result "1-0"]
[WhiteTitle "FM"]
[BlackTitle "CM"]
[WhiteElo "2416"]
[BlackElo "2089"]
[WhiteFideId "24153729"]
[BlackFideId "13408925"]
[EventDate "2016.01.30"]

1. c4 Nf6 2. d4 e6 3. Nc3 Bb4 4. e3 O-O 5. Ne2 b6 6. a3 Bxc3+ 7. Nxc3 Bb7 8. d5
d6 9. g3 e5 10. Bg2 h6 11. O-O a5 12. e4 Qe7 13. Be3 Nbd7 14. h3 Nh7 15. Qc2 Nc5
16. b4 Na6 17. bxa5 bxa5 18. Rfb1 Bc8 19. Rb5 f5 20. exf5 Bxf5 21. Be4 Bxe4 22.
Nxe4 Qd7 23. h4 Nb8 24. Rb7 Qc8 25. Rab1 Nd7 26. c5 Ndf6 27. cxd6 Nxd5 28. Qc4
Qe6 29. dxc7 Rac8 30. R1b5 Nxc7 31. Qxe6+ Nxe6 32. Rxe5 Rfe8 33. Nd6 Nc5 34.
Rxe8+ 1-0

[Event "Moscow Open A 2016"]
[Site "Moscow RUS"]
[Date "2016.02.03"]
[Round "5.42"]
[White "Anchutin, Nikita"]
[Black "Kukhmazov, Arsen"]
[Result "0-1"]
[BlackTitle "IM"]
[WhiteElo "2098"]
[BlackElo "2414"]
[WhiteFideId "34129895"]
[BlackFideId "24108260"]
[EventDate "2016.01.30"]

1. d4 d5 2. Nf3 Nf6 3. c4 c6 4. Nbd2 Bf5 5. Nh4 Be4 6. f3 Bg6 7. e3 e6 8. Nxg6
hxg6 9. f4 Nbd7 10. Bd3 c5 11. O-O cxd4 12. exd4 dxc4 13. Nxc4 Be7 14. b3 Nd5
15. Qf3 O-O 16. Bb2 Rc8 17. Rae1 a6 18. Qh3 b5 19. Bxg6 fxg6 20. Qxe6+ Kh7 21.
Ne5 Nxe5 22. Rxe5 Nxf4 23. Qxe7 Qxe7 24. Rxe7 Rc2 25. Ba3 Rf6 26. Kh1 Rxa2 27.
Bc5 Nd3 28. Rb1 Rff2 29. Re3 Nf4 30. Bd6 g5 31. Rg1 Kg6 32. Rf3 Kf5 33. Rxf2
Rxf2 34. Ra1 Nxg2 35. Rxa6 Ne3 36. Ra1 Rb2 37. b4 Ke4 38. Bc5 Ng4 39. Re1+ Kd5
40. Kg1 Nxh2 41. Re7 Nf3+ 42. Kf1 g6 43. Rg7 Nh4 44. Re7 Nf3 45. Rg7 Nh4 46. Re7
g4 47. Re5+ Kc4 48. Rg5 Nf5 49. Rxg6 g3 50. Rg5 Ne3+ 51. Ke1 Kd3 0-1